00357nam a22001097a 4500082000800000100001700008245010100025260003700126300001900163650004400182700002100226 a005 aMalik, Hufsa aSoft Computing based Framework for Risk Assessment in Global Software Engineering /cHufsa Malik aIslamabad :bCEME - NUST,c2014. a43 p. ;c30cm. aComputer Software Engineering-MS-Thesis aDr. Aasia Khanum